Fr. Conceicao Rodrigues College of Engineering

Inter Networking with TCP/IP Vol 2 (Record no. 22637)

MARC details
000 -LEADER
fixed length control field 00316nam a2200145Ia 4500
100 ## - MAIN ENTRY--PERSONAL NAME
Personal name Comer/Douglas E
245 ## - TITLE STATEMENT
Title Inter Networking with TCP/IP Vol 2
260 ## - PUBLICATION, DISTRIBUTION, ETC.
Name of publisher, distributor, etc. Prentice Hall of India
Date of publication, distribution, etc. 1999
366 ## - TRADE AVAILABILITY INFORMATION
Publishers's discount category 25
300 ## - PHYSICAL DESCRIPTION
Extent 660
490 ## - SERIES STATEMENT
Volume/sequential designation 2
546 ## - LANGUAGE NOTE
Language note ENGLISH
-- Computers
942 ## - ADDED ENTRY ELEMENTS (KOHA)
Koha item type BOOK
Holdings
Withdrawn status Lost status Damaged status Not for loan Collection Home library Current library Date acquired Source of acquisition Cost, normal purchase price Inventory number Total Checkouts Full call number Barcode Date last seen Date last checked out Cost, replacement price Price effective from Koha item type
        CRC Fr. Agnel's C.Rodrigues College of Engineering Fr. Agnel's C.Rodrigues College of Engineering 17/03/2023 Allied Publishers 296.25 201 dt 27/04/2011 1 21474 29/07/2025 29/07/2025 395.00   BOOK